Kalpana Chawla / (Record no. 163375)

MARC details
000 -LEADER
fixed length control field 00483nam a22001697a 4500
005 - DATE AND TIME OF LATEST TRANSACTION
control field 20190411163620.0
010 ## - LCCN (DPL NO)
LC control number B-122284
020 ## - INTERNATIONAL STANDARD BOOK NUMBER
International Standard Book Number 8123011423
Terms of availability 75.00
035 ## - SYSTEM CONTROL NUMBER
System control number B-122284
037 ## - SOURCE OF ACQUISITION
Source of stock number/acquisition Publication Division
082 ## - DEWEY DECIMAL CLASSIFICATION NUMBER
Classification number 629.450092
100 ## - MAIN ENTRY--PERSONAL NAME
Personal name Mahanti, Subodh
245 ## - TITLE STATEMENT
Title Kalpana Chawla /
Statement of responsibility, etc Subodh Mahanti
260 ## - PUBLICATION, DISTRIBUTION, ETC. (IMPRINT)
Place of publication, distribution, etc New Delhi
Name of publisher, distributor, etc Publication Division
Date of publication, distribution, etc 2004
300 ## - PHYSICAL DESCRIPTION
Extent 139p. (it include index)
Dimensions 22cm(pbk)
942 ## - ADDED ENTRY ELEMENTS (KOHA)
Source of classification or shelving scheme Dewey Decimal Classification
Item type English Books
Classification part 629.450092
Call number suffix CHA
Holdings
Withdrawn status Lost status Not for loan Collection code Home library Current library Date acquired Full call number Barcode Koha item type Public note
      Non-fiction Sarojini Nagar Sarojini Nagar 11/04/2019 629.450092 CHA B-122284 English Books  
      Non-fiction Sarojini Nagar Sarojini Nagar 11/04/2019 629.450092 CHA B-122290 English Books Withdrawn List Prepared L.No.10/2
      Non-fiction Sarojini Nagar Sarojini Nagar 11/04/2019 629.450092 CHA B-122269 English Books Withdrawn List Prepared L.No.11/14

© Delhi Public Library
Hit Counter
free hit counter